Statistics for APUSH Period 1-9 Dates (Events--Dates)

Click here to take the quiz!

General Stats

  • This quiz has been taken 21 times
  • The average score is 47 of 68

Answer Stats

HintAnswer% Correct
Columbus, Spanish, Columbian Exchange1492
100%
First permanent English colony: Jamestown1607
88%
Thomas Paine's Common Sense & the Declaration of Independence1776
82%
Treaty of Paris: end of American Revolution & beginning of U.S. under Articles of Confederation1783
82%
War of 1812 begins1812
82%
Compromise of 18501850
82%
U.S. enters W.W.I; Fourteen Points1917
82%
End of W.W.II; atomic bombs on Hiroshima and Nagasaki; beginning of Cold War ("iron curtain" descends)1945
82%
French and Indian War begins (7 Years' War)1754
76%
Stamp Act, first direct tax, "no taxation without representation"1765
76%
American Revolution begins; Lexington and Concord, Second Continental Congress; Articles of Confederation1775
76%
Northwest Ordinance & Constitution1787
76%
Constitution ratified by 9 states & takes effect1788
76%
Bill of Rights added to Constitution1791
76%
Louisiana Purchase, Marbury v. Madison1803
76%
Missouri Compromise1820
76%
Monroe Doctrine1823
76%
Andrew Jackson elected, Era of the Common Man1828
76%
Election of Abraham Lincoln, secession begins1860
76%
Beginning of Civil War, Battle of Fort Sumter1861
76%
Homestead Act, Pacific Railway Act, Treasury System, Morrill Act; Antietam1862
76%
Battle of Gettysburg, Gettysburg Address, Battle of Vicksburg, Emancipation Proclamation1863
76%
Civil War ends; assassination of Lincoln; 13th Amendment1865
76%
W.W.I ends1918
76%
First Red Scare; Red Summer1919
76%
19th Amendment; Treaty of Versailles not ratified1920
76%
Brown v. Board of Education1954
76%
Treaty of Paris ends the 7 Years' War, Pontiac's Rebellion, & Proclamation Line1763
71%
Election of Thomas Jefferson1800
71%
Treaty of Ghent ends the War of 1812; Hartford Resolutions arrive in D.C., end of Federalist Party, beginning of Era of Good Feelings1815
71%
Mexican-American War begins1846
71%
Treaty of Guadalupe Hidalgo, Mexican Cession, end of Mexican-American War; Seneca Falls Convention1848
71%
Kansas Nebraska Act; Republican Party1854
71%
Dred Scott v. Sanford1857
71%
End of Radical Reconstruction; Compromise of 1877; Jim Crow begins1877
71%
Wounded Knee; Closure of the West (frontier "closed"); Sherman Antitrust Act1890
71%
Plessy v. Ferguson1896
71%
Spanish American War/beginning of imperialism1898
71%
Stock Market Crash; beginning of Great Depression1929
71%
FDR's New Deal begins1933
71%
Pearl Harbor, U.S. enters W.W.II; Depression ends1941
71%
NATO; USSR atomic bomb; China=communist1949
71%
Korean War begins1950
71%
Korean War ends; armistice and DMZ1953
71%
March on Washington; JFK assassinated1963
71%
Gulf of Tonkin Resolution; LBJ's Great Society, Civil Rights Act of 19641964
71%
Voting Rights Act; Immigration Act1965
71%
MLK and RFK assassinated, Tet Offensive, Chicago Riot, silent majority, race riots, anti-war escalates1968
71%
Vietnam War ends with armistice1973
71%
Watergate Scandal1974
71%
Election of Ronald Reagan; conservative resurgence1980
71%
9/11; Patriot Acts: DHS, NSA2001
71%
Great Recession; election of Barack Obama2008
71%
First slaves in Jamestown & House of Burgesses1619
65%
Plymouth founded (Puritans) in New England1620
65%
Slave importation ends (Slavery Compromise 1789)1808
65%
"Corrupt Bargain" election, beginning of Democratic Party (pro-Jackson movement)1824
65%
Election of Polk; Manifest Destiny1844
65%
Sputnik; beginning of space race1957
65%
Berlin Wall falls; end of Cold War with USSR1989
65%
Bush v. Gore2000
65%
People's Party (Populist Third Party) nationwide1892
59%
Fall of Saigon1975
59%
Bacon's Rebellion1676
53%
Pueblo Revolt1680
41%
First Two-Party System, Hamilton vs. Jefferson1790s
18%
More urban than rural; culture conflicts1920s
18%
Second Two-Party System, Jackson vs. Clay1820s-1830s
12%

Score Distribution

Percentile by Number Answered

Percent of People with Each Score

Your Score History

You have not taken this quiz